| 000 | 00997cam a22003137a 4500 | ||
|---|---|---|---|
| 003 | CHAP | ||
| 005 | 20220329142234.0 | ||
| 008 | 000316d1971 eu r 00010 eng d | ||
| 010 | _a80380 | ||
| 011 | _a81352 | ||
| 035 | _a91821 | ||
| 040 | _cCHAP | ||
| 082 | 0 | 4 |
_a543.3 _bA55 |
| 110 | 2 |
_aAmerican Water Works Association _95313 |
|
| 245 | 1 | 0 |
_aWater quality and treatment : _ba handbook of public water supplies _c/by American Water Association |
| 260 |
_aNew York : _bMcGraw-Hill, _c1971. |
||
| 300 | _a654 p. | ||
| 590 |
_aBATCH-UPD _b10 _c20130110 _lUCH01 _h1238 |
||
| 590 |
_aBATCH-UPD _b10 _c20130410 _lUCH01 _h0805 |
||
| 590 |
_aBATCH-UPD _b10 _c20130913 _lUCH01 _h2237 |
||
| 590 |
_aCONVERSION _b10 _c20130109 _lUCH01 _h1345 |
||
| 650 | 1 | 4 |
_aAgua _xAnálisis. _92280 |
| 650 | 1 | 4 |
_aAgua _xCalidad. _92316 |
| 650 | 1 | 4 |
_aAgua _xPurificacion. _92397 |
| 901 | _aBK | ||
| 905 | _aLilia sánchez G. | ||
| 942 | _cLIBRO | ||
| 949 |
_a543.3 A55 1971 _bBC _cLIBRO _d33724000748703 _eLIBRO _h97127 _i91821 _so |
||
| 999 |
_c80380 _d80380 |
||